000 00789nam a2200229Ia 4500
003 GCL
008 140319s9999 xx 000 0 ara d
040 _aGCL /
_cGCL
082 0 4 _a216
_bم د
100 1 _aمحمد احمد ربيع
245 1 0 _aدراسات فى الحضارة والفكر /
_cمحمد احمد ربيع
300 _a205 ص
490 _aالهيئة العامة للاستعلامات
_v0
650 0 4 _aالاسلام والحضارة
650 0 4 _aالاسلام والاصلاح الاجتماعى
650 0 4 _aالاقتصاد الاسلامى
650 0 4 _aالشريعة الاسلامية
650 0 4 _aالاسلام - تاريخ
650 0 4 _aالاسلام - دفع مطاعن
650 0 4 _aالمرأة فى الاسلام
942 _2ddc
_cBK
999 _c49275
_d49275